Interviewing and salary negotiation for job hunters, career changers, consultants, and freelancers

সংরক্ষণ করুন:
গ্রন্থ-পঞ্জীর বিবরন
প্রধান লেখক: Wendleton, Kate
অন্যান্য লেখক: Gordon, George J
বিন্যাস: গ্রন্থ
ভাষা:Undetermined
প্রকাশিত: Clifton Park, NY Thomson/Delmar Learning 1999
বিষয়গুলি:
অনলাইন ব্যবহার করুন:http://lrc.tdmu.edu.vn/opac/search/detail.asp?aID=2&ID=7683
ট্যাগগুলো: ট্যাগ যুক্ত করুন
কোনো ট্যাগ নেই, প্রথমজন হিসাবে ট্যাগ করুন!
Thư viện lưu trữ: Trung tâm Học liệu Trường Đại học Thủ Dầu Một
LEADER 00709nam a2200217Ia 4500
001 TDMU_7683
008 210410s9999 xx 000 0 und d
082 |a 650.14 
090 |b W203 
100 |a Wendleton, Kate 
245 0 |a Interviewing and salary negotiation 
245 0 |b for job hunters, career changers, consultants, and freelancers 
245 0 |c Kate Wendleton 
260 |a Clifton Park, NY 
260 |b Thomson/Delmar Learning 
260 |c 1999 
300 |a 178 p. 
650 |a Employment interviewing; Job hunting 
700 |a Gordon, George J 
856 |u http://lrc.tdmu.edu.vn/opac/search/detail.asp?aID=2&ID=7683 
980 |a Trung tâm Học liệu Trường Đại học Thủ Dầu Một